Sports Quiz

Random Sports or Golf Quiz

Golfers Making Cuts in all 4 Golf Majors 2011 Quiz Stats

 Plays Quiz not verified by Sporcle

Challenge
Share
Tweet
Embed
Score 0/11 Timer 06:00
0 Plays Today
% Correct
Phil Mickelson
90.7%
Rory McIlroy
89.3%
Steve Stricker
57.1%
Charl Schwartzel
52.9%
Sergio Garcia
51.4%
Bubba Watson
50%
Y.E. Yang
30%
Edoardo Molinari
19.3%
Bill Haas
13.6%
Gary Woodland
10.7%
Ryan Palmer
7.1%

You're not logged in!

Compare scores with friends on all Sporcle quizzes.
OR
Log In

You Might Also Like...

Show Comments

Extras

Created Aug 15, 2011ReportNominate
Tags:Golf Quiz, majors

Top Quizzes Today


Score Distribution

Your Account Isn't Verified!

In order to create a playlist on Sporcle, you need to verify the email address you used during registration. Go to your Sporcle Settings to finish the process.

Report this User

Report this user for behavior that violates our Community Guidelines.

Details: